A VIACOM vállalkozási tevékenységének utólagos, átfogó elemzése és vállalat specifikus gazdasági eseményeinek vizsgálata. – Kitekintés a szórakoztatóipari és médiaszektor specifikumaira

Bibliographic Details
Main Author: Szabó Regő Timothy
Other Authors: Sisa Dr Krisztina
Format: Thesis
Kulcsszavak:VIACOM International Incorporation
Online Access:http://dolgozattar.uni-bge.hu/14522

MARC

LEADER 00000nta a2200000 i 4500
001 dolg14522
005 20171218101412.0
008 171218suuuu hu om 000 hun d
040 |a BGE Dolgozattár Repozitórium  |b hun 
041 |a hu 
100 1 |a Szabó Regő Timothy 
245 1 2 |a A VIACOM vállalkozási tevékenységének utólagos, átfogó elemzése és vállalat specifikus gazdasági eseményeinek vizsgálata. – Kitekintés a szórakoztatóipari és médiaszektor specifikumaira  |c Szabó Regő Timothy  |h [elektronikus dokumentum] 
246 1 1 |a A VIACOM vállalkozási tevékenységének utólagos, átfogó elemzése és vállalat specifikus gazdasági eseményeinek vizsgálata. – Kitekintés a szórakoztatóipari és médiaszektor specifikumaira 
695 |a VIACOM International Incorporation 
700 1 |a Sisa Dr Krisztina  |e ths 
856 4 0 |u http://dolgozattar.uni-bge.hu/14522/1/Szakdolgozat_Szab%C3%B3_Reg%C5%91_Timothy.pdf  |z Dokumentum-elérés